00882nam a2200193 a 450000100100000000500170001000800410002704000250006808200150009310000350010824500690014326000340021230000280024671000800027471000850035495201130043995201190055299900170067100004443420240306185038.0140630s1999 dr a 000 0 spa d aDO-SdBNPbspacBNPHU axxxxbxxxx1 aArteaga Rojas, Haydeé97244310aNamach :brelatos orales para niños /cHaydeé Arteaga Rojas. aSanto Domingo :bCPEP,c1999. a122 p. :bil. ;c24 cm.1 aRepública DominicanabComisión Permanente de Efemérides Patria945309 aSecretaría de Estado de Educación y Cultura, (República Dominicana)955093 0010718PDaPDbPDcCTd2014-06-30iLF1l0oxxxx xxxxp44434-10r2020-06-25w2020-06-25yLFPDZNo se presta 0010718PDaPDbPDcCTd2014-06-30iLF1l0oxxxx xxxxp44434-20r2020-06-25te. 2w2020-06-25yLFPDZNo se presta c43923d43923